02468cam a22003255a 45000010009000000050017000090080041000260200025000670400082000920820020001741000033001942450050002272500025002772600052003023000024003545000024003785000030004025040041004325050357004735200865008306500049016956500041017446500081017856510069018666530024019356550024019599420008019839990017019919520134020081660626920151110144240.0110110r20122011enk frb f001 0 eng d a9780521186261 (pbk.) aDLCcDLCdYDXCPdCDXdC#PdBWXdUKMGBdCOOdIULdMIXdS3OdDLCdEG-ScBUEbeng04a809.04222bLAZ1 aLazarus, Neil,d1953-93871214aThe postcolonial unconscious /cNeil Lazarus. a1st ed., Reprint ed. aCambridge :bCambridge University Press,c2012. ax, 299 p. ;c23 cm. aIndex : p. 290-299. aReprinted of the 2011 ed. aIncludes bibliographical references.0 aIntroduction: the political unconscious of postcolonial studies -- The politics of postcolonial modernism -- Fredric Jameson on 'third-world literature': a defence -- 'A figure glimpsed in a rear-view mirror': the question of representation in 'postcolonial' fiction -- Frantz Fanon after the 'postcolonial prerogative' -- The battle over Edward Said. a"The Postcolonial Unconscious is a major attempt to reconstruct the whole field of postcolonial studies. In this magisterial and, at times, polemical study, Neil Lazarus argues that the key critical concepts that form the very foundation of the field need to be re-assessed and questioned. Drawing on a vast range of literary sources, Lazarus investigates works and authors from Latin America and the Caribbean, Africa and the Arab world, South, Southeast and East Asia, to reconsider them from a postcolonial perspective. Alongside this, he offers bold new readings of some of the most influential figures in the field: Fredric Jameson, Edward Said and Frantz Fanon. A tour de force of postcolonial studies, this book will set the agenda for the future, probing how the field has come to develop in the directions it has and why and how it can grow further"-- 7aPostcolonialism in literature.2BUEsh937224 0aPostcolonialism and the arts.2BUEsh 0aLiterature, Moderny20th centuryxHistory and criticismxTheory, etc.2BUEsh 0aDeveloping countriesvLiteraturesxHistory and criticism.2BUEsh bEEENGcNovember2015 vReading book934232 2ddc c21035d21007 00102ddc40708BaccahaMAINbMAINc2NDd2015-11-10ePurchasel3m17o809.04 LAZp000031296r2025-07-15 00:00:00s2018-09-10yBB